000 00630nam a2200193Ia 4500
003 GCL
008 140319s9999 xx 000 0 ara d
040 _aGCL /
_cGCL
082 0 4 _a814.008
_bم ح
100 1 _aمصطفى نبيل
245 1 0 _aحكايات من الزمن العربى : مأساة اميرة عربية وقصص اخرى /
_cمصطفى نبيل
300 _a199 ص
490 _a
650 0 4 _aالمقالات العربية
650 0 4 _aالتاريخ الاسلامى
650 0 4 _aالحضارة الاسلامية
650 0 4 _aالادب العربى - العصر الحديث
942 _2ddc
_cBK
999 _c46287
_d46287